| Tag |
First Indicator |
Second Indicator |
Subfields |
| LEADER |
00000cam a22000007a 4500 |
| 001 |
in00004495913 |
| 005 |
20191203130930.0 |
| 008 |
810820s1979 nmua 000 0 eng |
| 016 |
7 |
|
|a 8107910
|2 DNLM
|
| 035 |
|
|
|a (OCoLC)ocm14899154
|
| 035 |
|
|
|z (UtOrBLW)33888
|
| 035 |
|
|
|a 50002
|
| 040 |
|
|
|a NLM
|c NLM
|d UtOrBLW
|
| 049 |
|
|
|a TMVM
|c 1
|
| 060 |
0 |
0 |
|a BB8038
|
| 060 |
|
4 |
|a SF 76
|b T461g 1979
|
| 245 |
0 |
4 |
|a The Golden hamster :
|b quantitative anatomy with age /
|c R.G. Thomas [and others].
|
| 264 |
|
1 |
|a [Los Alamos, N.M.] :
|b Los Alamos Scientific Laboratory,
|c 1979.
|
| 300 |
|
|
|a vii, 119 pages :
|b illustrations ;
|c 22 cm.
|
| 336 |
|
|
|a text
|2 rdacontent
|b txt
|
| 337 |
|
|
|a unmediated
|2 rdamedia
|
| 338 |
|
|
|a volume
|2 rdacarrier
|b nc
|
| 500 |
|
|
|a "October 1979."--Verso of title page.
|
| 500 |
|
|
|a "LASL-79-58."--Cover.
|
| 505 |
0 |
|
|a Organ systems and tissues -- Central nervosu system -- endocrine system -- Lymphoid system -- Respiratory system -- Cardiovascular system -- Digestive system -- Hepatic system -- Urogenital system -- Musculoskeletal system -- Blood
|
| 650 |
|
2 |
|a Cricetinae
|x anatomy & histology.
|
| 650 |
|
2 |
|a Mesocricetus
|x anatomy & histology.
|
| 999 |
|
|
|a MARS
|
| 999 |
f |
f |
|s ba1c8ac3-4be9-3a70-9725-9e6c66eaa8f7
|i 004c08c7-e3cd-3462-af4e-3f52b77a174c
|t 0
|
| 952 |
f |
f |
|p preservation
|a Texas A&M University
|b J.J. Pickle Campus
|c High Density Repository
|d Remote Storage
|t 0
|e SF 76 T461g 1979
|h National Library of Medicine classification
|i unmediated -- volume
|m 3238901755415
|
| 998 |
f |
f |
|a SF 76 T461g 1979
|t 0
|l Remote Storage
|